000 00328pab a2200157 454500
008 180718b2013 xxu||||| |||| 00| 0 eng d
100 _aRoy, Dunu
245 _aWhose city?
260 _c2013
300 _ap.27-31.
362 _aAug
650 _aUrban development
773 _aSeminar
908 _aN
909 _a100993
999 _c100992
_d100992